书目信息 |
| 题名: |
英语模拟试题集
|
|
| 作者: | 徐铁城 主编 | |
| 分册: | ||
| 出版信息: | 重庆 重庆大学出版社 2000.03 |
|
| 页数: | 216页 | |
| 开本: | 32开 | |
| 丛书名: | ||
| 单 册: | ||
| 中图分类: | H319.6 | |
| 科图分类: | ||
| 主题词: | 英语 | |
| 电子资源: | ||
| ISBN: | 7-5624-2151-X | |
| 000 | 00540nam0 2200193 45 | |
| 001 | 0008211704 | |
| 005 | 20010314153848.5 | |
| 010 | @a7-5624-2151-X@d10.00元 | |
| 100 | @a20000821d2000 km y0chiy0120 ea | |
| 101 | 0 | @achi |
| 105 | @a z 000yy | |
| 200 | 1 | @a英语模拟试题集@AYing Yu Mo Ni Shi Ti Ji@f徐铁城 主编@FXu Tie Cheng Zhu Bian |
| 210 | @a重庆@c重庆大学出版社@d2000.03 | |
| 215 | @a216页@d32开 | |
| 606 | 0 | @a英语 |
| 690 | @aH319.6@v3 | |
| 701 | 0 | @a徐铁城@4主编 |
| 801 | @aCN@bPftUser@c20000821 | |
| 905 | @dH319.6@eX124@b117882@f1 | |
| 英语模拟试题集/徐铁城 主编.-重庆:重庆大学出版社,2000.03 |
| 216页;32开 |
| ISBN 7-5624-2151-X:10.00元 |
| ● |
| 相关链接 |
|
|
|
正题名:英语模拟试题集
索取号:H319.6/X124
 
预约/预借
| 序号 | 登录号 | 条形码 | 馆藏地/架位号 | 状态 | 备注 |
| 1 | 117881 | 201178812 | 语言库209/209语言库 58排1列4层/ [索取号:H319.6/X124] | 在馆 | |
| 2 | 117882 | 201178821 | 语言库209/209语言库 58排1列4层/ [索取号:H319.6/X124] | 在馆 | |
| 3 | 117883 | 201178830 | 语言库209/209语言库 58排1列4层/ [索取号:H319.6/X124] | 在馆 | |
| 4 | 117884 | 201178849 | 语言库209/209语言库 58排1列4层/ [索取号:H319.6/X124] | 在馆 |